| 000 | 00451 a2200145 4500 | ||
|---|---|---|---|
| 041 | _aEng | ||
| 082 |
_a301.1530952 _bD73a |
||
| 100 | _aDore, Ronald Philip, ed. | ||
| 245 | _aAspects of social change in modern Japan. | ||
| 260 |
_aPrinceton (N.J.): _bPrinceton Univ. Press, _c1967 |
||
| 300 | _ax, 474p. | ||
| 650 |
_aMobility _aMigrations _aModernization _aDemocracy _aEconomic growth |
||
| 653 |
_aSocial conditions _aSocial change |
||
| 942 |
_2ddc _cGEN |
||
| 999 |
_c66522 _d66508 |
||